Remembranzas de Florida : un recorrido histórico del municipio colombiano /

Bibliographic Details
Main Author: Torres Álvarez, Gustavo Adolfo (Author)
Format: Electronic eBook
Language:Spanish
Published: Cali, Colombia : Universidad del Valle, Programa Editorial, [2024]
Edition:Primera edición.
Series:Colección Ciencias sociales (Cali, Colombia)
Subjects:
Online Access:Digitalia Hispánica

MARC

LEADER 00000nam a2200000Ii 4500
001 DIGUVALLE578
003 NyNyDIG
006 m o d
007 cr |||||||||||
008 250616s2024 ck a ob 000 0 spa d
035 |a (OCoLC)1457638604 
040 |a DGITA  |b eng  |e rda  |e pn  |c DGITA 
020 |a 9789585071742  |q pdf 
020 |a 9789585071759  |q ePub 
020 |z 9789585071735 
024 7 |a https://doi.org/10.25100/peu.5071735 
043 |a s-ck--- 
050 1 4 |a F2280.F55 ebook 
100 1 |a Torres Álvarez, Gustavo Adolfo,  |e author. 
245 1 0 |a Remembranzas de Florida :  |b un recorrido histórico del municipio colombiano /  |c Gustavo Adolfo Torres Álvarez. 
250 |a Primera edición. 
264 1 |a Cali, Colombia :  |b Universidad del Valle, Programa Editorial,  |c [2024] 
300 |a 1 online resource :  |b illustrations. 
336 |a text  |b txt  |2 rdacontent 
337 |a computer  |b c  |2 rdamedia 
338 |a online resource  |b cr  |2 rdacarrier 
347 |a text file  |2 rdaft 
347 |b PDF 
490 1 |a Colección Ciencias sociales 
504 |a Includes bibliographical references. 
588 0 |a Online resource; title from PDF title page (Digitalia, viewed June 16, 2025) 
651 0 |a Florida (Valle del Cauca, Colombia)  |x History. 
776 0 8 |i Print version:  |a Torres Álvarez, Gustavo Adolfo.  |t Remembranzas de Florida.  |b Primera edición.  |d Cali, Colombia : Universidad del Valle, Programa Editorial, [2024]  |z 9789585071735 
791 2 |a Digitalia (Firm),  |e distributor. 
793 0 |g Digitalia eBook Collection:  |a Universidad del Valle 
830 0 |a Colección Ciencias sociales (Cali, Colombia) 
856 4 0 |3 Digitalia Hispánica  |u https://www.digitaliapublishing.com/a/175374/ 
910 |a Premium collection: 2025